Asiatische Geographie - B - Statistiken

Allgemein
  • Dieses Quiz wurde 73 mal gespielt
  • Das Durchschnittsergebnis liegt bei 11 aus 17
Antwortstatistiken
Hint Antwort % Korrekt
Hauptstadt von Thailand Bangkok
98%
Land, dass fast nur an Indien grenzt Bangladesch
97%
Hauptstadt des Irak Bagdad
89%
Hauptstadt vom Libanon Beirut
89%
Touristeninsel in Indonesien Bali
83%
Größte Süßwassersee der Welt Baikalsee
81%
Das kleinste davon Brunei
72%
Die Hauptstadt dieses Landes ist Manama Bahrain
70%
Golf, an den dieses Land liegt Golf von Bengalen
70%
Insel, die sich drei Länder teilen Borneo
69%
Hauptstadt von Kirgisistan Bischkek
59%
Hafenstadt in Südkorea Busan
53%
Großstadt im südlichen Indien Bangalore
52%
Hafenstadt im Irak Basra
33%
Türkische Stadt südlich von Istanbul Bursa
31%
Fluss in Indien Brahmaputra
30%
Historische bedeutsame Stadt in Usbekistan Buchara
8%
Keine übereinstimmenden Quizze gefunden
Verteilung der Resultate
Anzahl Personen mit jedem Resultat
Perzentil nach korrekt beantworteten Fragen
Ihre Resultats-Entwicklung
Sie haben dieses Quiz noch nicht gespielt